[Event "Klatovy op-B 24th"]
[Site "Klatovy"]
[Date "2018.07.07"]
[Round "8"]
[White "Stanke, Petr"]
[Black "Kudrna, Miroslav"]
[Result "1/2-1/2"]
[WhiteElo "1378"]
[BlackElo "1539"]
[PlyCount "46"]
[EventDate "2018.06.30"]
[EventType "swiss"]
[EventRounds "9"]
[EventCountry "CZE"]
[SourceTitle "EXT 2019"]
[Source "ChessBase"]
[SourceDate "2018.10.10"]
[SourceVersion "1"]
[SourceVersionDate "2018.10.10"]
[SourceQuality "1"]

1. e4 e6 2. d4 d5 3. e5 c5 4. c3 Nc6 5. Nf3 Qb6 6. Be2 cxd4 7. cxd4 Bb4+ 8. Kf1 Bd7 9. Be3 Rc8 10. g3 Na5 11. Kg2 Bb5 12. Nbd2 Bxe2 13. Qxe2 Ne7 14. Rab1 0-0 15. a3 Bxd2 16. Bxd2 Nb3 17. Bb4 Rfe8 18. Qd3 Na5 19. Bc5 Qc7 20. Rbc1 b6 21. Bxe7 Qxe7 22. Rc3 Rc7 23. Rhc1 Rec8 1/2-1/2

[Event "Klatovy op-B 23rd"]
[Site "Klatovy"]
[Date "2017.07.05"]
[Round "5"]
[White "Kudrna, Miroslav"]
[Black "Skalicky, Jindrich"]
[Result "1/2-1/2"]
[WhiteElo "1569"]
[BlackElo "1274"]
[PlyCount "39"]
[EventDate "2017.07.01"]
[EventType "swiss"]
[EventRounds "9"]
[EventCountry "CZE"]
[SourceTitle "EXT 2018"]
[Source "ChessBase"]
[SourceDate "2017.10.13"]
[SourceVersion "1"]
[SourceVersionDate "2017.10.13"]
[SourceQuality "1"]

1. e4 c5 2. Nf3 e6 3. d4 cxd4 4. Nxd4 Nc6 5. Nf3 Qc7 6. Nc3 Bb4 7. Bd2 Nf6 8. Nb5 Bxd2+ 9. Qxd2 Qb6 10. Nd6+ Ke7 11. Nc4 Qc7 12. e5 Ne8 13. 0-0-0 b6 14. Nd6 f6 15. Bb5 Bb7 16. Rhe1 Rd8 17. exf6+ gxf6 18. Nf5+ Kf7 19. Qh6 Nb4 20. Qh5+ 1/2-1/2

[Event "Klatovy op-B 22nd"]
[Site "Klatovy"]
[Date "2016.07.04"]
[Round "3"]
[White "Gorbunov, Alexander1111"]
[Black "Kudrna, Miroslav"]
[Result "1-0"]
[WhiteElo "1353"]
[BlackElo "1580"]
[PlyCount "54"]
[EventDate "2016.07.02"]
[EventType "swiss"]
[EventRounds "9"]
[EventCountry "CZE"]
[SourceTitle "EXT 2019"]
[Source "ChessBase"]
[SourceDate "2018.10.10"]
[SourceVersion "1"]
[SourceVersionDate "2018.10.10"]
[SourceQuality "1"]

1. d4 e6 2. c4 d5 3. Nc3 Nf6 4. Bg5 Nbd7 5. e3 Be7 6. Bd3 dxc4 7. Bxc4 c5 8. dxc5 Nxc5 9. Qxd8+ Bxd8 10. Rd1 0-0 11. b4 Ncd7 12. Nf3 Nb6 13. Bb3 Bd7 14. Ne5 Rc8 15. Nxd7 Nfxd7 16. Bxd8 Rfxd8 17. Nb5 a6 18. Nd6 Rc7 19. Ke2 Nf6 20. Nxb7 Rxd1 21. Rxd1 Rd7 22. Nc5 Rxd1 23. Kxd1 Nfd7 24. Nxa6 Kf8 25. a4 Ke7 26. a5 Na8 27. Ba4 h6 1-0

[Event "Klatovy op-B 22nd"]
[Site "Klatovy"]
[Date "2016.07.02"]
[Round "1"]
[White "Micka, Norbert"]
[Black "Kudrna, Miroslav"]
[Result "1-0"]
[WhiteElo "1848"]
[BlackElo "1580"]
[PlyCount "47"]
[EventDate "2016.07.02"]
[EventType "swiss"]
[EventRounds "9"]
[EventCountry "CZE"]
[SourceTitle "EXT 2019"]
[Source "ChessBase"]
[SourceDate "2018.10.10"]
[SourceVersion "1"]
[SourceVersionDate "2018.10.10"]
[SourceQuality "1"]

1. Nf3 d5 2. d4 Nf6 3. c4 e6 4. g3 Be7 5. Bg2 0-0 6. 0-0 b6 7. Nc3 Bb7 8. Ne5 Nbd7 9. Bf4 c5 10. cxd5 Nxd5 11. Nxd5 Bxd5 12. Bxd5 exd5 13. Nc6 Qe8 14. dxc5 Bxc5 15. Qxd5 Nf6 16. Qf3 Ne4 17. Ne5 Nxf2 18. Rxf2 Bxf2+ 19. Kxf2 Qb5 20. Nd3 Rac8 21. Rc1 h6 22. Rxc8 Rxc8 23. Be5 g6 24. Qf6 1-0